فن السجاد الأذربيجاني / (Record no. 21071)
[ view plain ]
| 000 -الفاتح | |
|---|---|
| حقل البيانات ثابتة الطول | 01567nam a2200337 i 4500 |
| 003 - محدد رقم الضبط | |
| رقم الضبط | EG-ScBUE |
| 005 - وقت وتاريخ اخر تعامل مع التسجيلة | |
| رقم الضبط | 20230522102844.0 |
| 008 - عناصر البيانات ثابتة الطول - معلومات عامة | |
| حقل البيانات ثابتة الطول | 151122s2011 ua a grb 000 0dara d |
| 020 ## - الرقم الدولى المعيارى للكتب | |
| الرقم الدولى المعيارى للكتاب | 69551187311 |
| 040 ## - مصدر الفهرسة | |
| وكالة الفهرسة الأصلية | EG-ScBUE |
| لغة الفهرسة | ara |
| قواعد الوصف | rda |
| وكالة النسخ | EG-ScBUE |
| وكالة التعديل | EG-ScBUE |
| 041 1# - رمز اللغة | |
| رمز لغة النص/ المسارات الصوتية أو العنوان الانفرادي | ara |
| رمز لغة الترجمات و/او الاصلية المتوسطة للنص | aze |
| 043 ## - رمز المنطقة الجغرافية | |
| رمز المنطقة الجغرافية | a-aj--- |
| 082 04 - رقم تصنيف ديوى العشرى | |
| رقم التصنيف | 746.794754 |
| رقم المادة | س ي ف |
| رقم الطبعة | 22 |
| 100 1# - المدخل الرئيسى - إسم شخصى | |
| الإسم الشخصى | سيف الدين، تاقييفا رويا، |
| التواريخ المصاحبة للاسم | 1945- |
| الدور | مؤلف. |
| 9 (RLIN) | 38779 |
| 245 10 - بيان العنوان | |
| العنوان | فن السجاد الأذربيجاني / |
| بيان المسئوليه,etc | تاقييفا رويا سيف الدين ؛ ترجمة عبد الرحمن عبد الرحمن الخميسي. |
| 246 3# - العنوان الموازى | |
| عنوان صحيح/عنوان مختصر | فن السجاد الآذربيجاني |
| 250 ## - بيان الطبعة | |
| بيان الطبعة | الطبعة الأولى. |
| 264 #1 - النشر، التوزيع | |
| مكان الناشر او الموزع | [مكان النشر غير محدد] : |
| اسم الناشر او الموزع | [اسم الناشر غير محدد]، |
| تاريخ النشر أو التوزيع | 2011. |
| 264 #1 - النشر، التوزيع | |
| مكان الناشر او الموزع | القاهرة : |
| اسم الناشر او الموزع | مطابع دار التحرير للطباعة |
| 300 ## - الوصف المادى | |
| التعداد | 138 صفحة : |
| تفاصيل ماديه اخرى للوعاء | إيضاحيات ملونة ؛ |
| أبعاد الوعاء | 30 سم |
| 504 ## - تبصرة ببليوجرافية | |
| تبصرة ببليوجرافية,الخ | يشتمل على إرجاعات ببليوجرافية. |
| 541 ## - تبصرة المصدر المباشر للتزويد | |
| طريقة التزويد | Donation ك |
| مصدر التزويد | Shahla - Azarbaijan. |
| 546 ## - تبصرة اللغة | |
| تبصرة اللغة | العمل باللغة العربية مترجم من اللغة الآذربيجانية التركية. |
| 650 #7 - المدخل الاضافى بالموضوع-مصطلح موضوعى | |
| مصطلح موضوعي أو اسم جغرافي كعنصر مدخل | السجاد |
| التقسيم الفرعي العام | تاريخ |
| التقسيم الفرعي الجغرافي | آذربيجان. |
| مصدر الرأس أو المصطلح | BUEsh |
| 650 #7 - المدخل الاضافى بالموضوع-مصطلح موضوعى | |
| مصطلح موضوعي أو اسم جغرافي كعنصر مدخل | السجاجيد |
| التقسيم الفرعي العام | صناعة وتجارة |
| التقسيم الفرعي الجغرافي | آذربيجان. |
| مصدر الرأس أو المصطلح | BUEsh |
| 651 ## - المدخل الاضافى بالموضوع - اسم جغرافى | |
| مصدر الرأس أو المصطلح | BUEsh |
| 653 ## - مصطلح تكشيفى غير مقيد | |
| Resource For college | Generalities |
| Arrived date list | November2015 |
| 655 ## - مصطلح تكشيفى-نوع/شكل | |
| التقسيم الفرعي الشكلي | Reading book |
| 700 1# - المدخل الاضافى - اسم شخصى | |
| الإسم الشخصى | الخميسي، عبد الرحمن عبد الرحمن، |
| الدور | مترجم. |
| 9 (RLIN) | 38780 |
| 942 ## - عناصر المدخل الإضافي( كوها) | |
| مصدر التصنيف او مخطط الترفيف | Dewey Decimal Classification |
| سابقة رقم الطلب | 746.794754 س ي ف |
| حالة التراجع | حالة الفقد | مصدر التصنيف او خطة الترفيف | حالة تلف | ليس للاعارة | مجموعات كوها | المكان الدائم | المكان الحالي | موقع الترفيف | تاريخ الاكتساب | Source of acquisition | رقم الاستدعاء | الباركود | Date last seen | تبصرة غير عامة( المفوع للعناصر المفقوده) | نوع الوعاء |
|---|---|---|---|---|---|---|---|---|---|---|---|---|---|---|---|
| Dewey Decimal Classification | Donation-Gift | Central Library | Central Library | Second Floor | 22/11/2015 | Donation | 746.794754 س ي ف | 000031374 | 15/07/2025 | Donation from Shahla - Azarbaijan. | Book - Borrowing | ||||
| Dewey Decimal Classification | Donation-Gift | Central Library | Central Library | Second Floor | 22/11/2015 | Donation | 746.794754 س ي ف | 000031373 | 15/07/2025 | Donation from Shahla - Azarbaijan. | Book - Borrowing | ||||
| Dewey Decimal Classification | Donation-Gift | Central Library | Central Library | Second Floor | 22/11/2015 | Donation | 746.794754 س ي ف | 000031372 | 15/07/2025 | Donation from Shahla - Azarbaijan. | Book - Borrowing | ||||
| Dewey Decimal Classification | Donation-Gift | Central Library | Central Library | Second Floor | 22/11/2015 | Donation | 746.794754 س ي ف | 000031371 | 15/07/2025 | Donation from Shahla - Azarbaijan. | Book - Borrowing | ||||
| Dewey Decimal Classification | Donation-Gift | Central Library | Central Library | Second Floor | 22/11/2015 | Donation | 746.794754 س ي ف | 000031370 | 15/07/2025 | Donation from Shahla - Azarbaijan. | Book - Borrowing | ||||
| Dewey Decimal Classification | Donation-Gift | Central Library | Central Library | Second Floor | 22/11/2015 | Donation | 746.794754 س ي ف | 000031369 | 15/07/2025 | Donation from Shahla - Azarbaijan. | Book - Borrowing | ||||
| Dewey Decimal Classification | Donation-Gift | Central Library | Central Library | Second Floor | 13/08/2024 | Donation | 746.794754 س ي ف | 000057156 | 15/07/2025 | Book - Borrowing |